02760nam a22002057a 4500003000400000005001700004008004100021040002600062082002700088245027800115260007500393300002400468505190400492650002402396650002802420650003002448700002802478700002502506700002302531OSt20260407091519.0260407b |||||||| |||| 00| 0 eng d aLCbENGcLCdABKeRDA 223rd ed.a348.044bHIG aThe high court bulletin [2009] H.C.B Vol. 2 :b(a digest of judgements and orders of the supreme court of Uganda, the court of appeal of Uganda, the constitutional court and the high court of Uganda) /cedited by Didas Bakunzi Mufasha, Rose Kawesa Nalule, Muwada Nkunyingi. aKampala, Uganda :bThe Law Development Center,cJanuary/December 2009. a52 pages:c28.5 cm. aAmooti Godfrey Nyakana Vs. National Environment Management Authority And 6 Others (Cc).. ......4 Andrew Keenan Vs. Pearl Hoareau (HC)... 48 Bamanye Fazil Vs. Nankunda Rose (HC),..... .20 Bank of Uganda Vs. Caring for Orphans, Widows and Elderly Limited (CA) .....7 Betuco (U) Limited and Anor Vs. Barclays Bank (U) Limited and Another (HC) ...33 Bitangaro & C0. Advocates Vs. Emmanuel Katto (HC)..... East Mengo Growers Co-Operative Union Ltd. vs. The Registrar of Titles (HC)...... .24 14a Francis Brake Lubega Vs. Barnabas Taremwa (HC).....44 His Worship Aggrey Bwire Vs. Attorney General and Judicial Service Commission (CC)..... 10 Hoima District Local Government Vs. Global Construction Co. Limited (HC)…26 ...... In The Matter Of An Application for Guardianship Of Mark Mulindwa (Minor) By Grace Tamale (HC)....18 In the Matter of Isaac Rukundo (Infant) (Application for Adoption By Brent David Potts) (HC)... 16 ... In The Matter of Odoke Emmanuel (Infant) Application for Legal Guardianship by Daniel K. Ludlam and Kathryn Ludlam (HC). .22 ..... Jima Properties Ltd Vs. Kampala District Land Board (HC)...42 ... Lionking International (U) Ltd Vs. Uganda Revenue Authority (HC) ....31 Mandela Auto Spares Vs. Marketing Information Systems (HC)...... .43 Mwesigwa Hannington And 3 Others Vs. Attorney General (CA). .1 ... Nsubuga Bosco Vs. Centenary Bank Ltd (HC)....39 Okello Oryem Alfred and 2 Others Vs. Akright Projects .35 Ltd and Another (Hc).... Peter Mulira Vs. Mitchell Cotts Ltd (HC)... ..36 Peter Muramira Vs. Brian Kaggwa (HC)....46 Rock Petroleum (U) Ltd Vs. Uganda Revenue Authority (HC)....... 20 Stirling Civil Engineering Ltd Vs. Petro (U) Ltd And 2 Others (HC)... ...28 Tirupati Development (U) Ltd Vs. Peter Bibangamba & Another (HC)....40 Uganda Law Society and Another Vs. Attorney General (CC) ...13 Yoweri Bamuhiga And S Others Vs Christine Mugara and 2 Others..... 49 aHigh court Bulletin aSupreme Court of Uganda aCourt of appeal of Uganda a Mufasha, Didas Bakunzi aNalule, Rose Kawesa  a Nkunyingi, Muwada